| 000 | 01356nam a2200265 a 4500 | ||
|---|---|---|---|
| 001 | ASIN1592289428 | ||
| 003 | OSt | ||
| 005 | 20170105102909.0 | ||
| 008 | 131025s2006 xxu eng d | ||
| 020 |
_a1592289428 (hardcover) _c$24.95 |
||
| 020 | _a9781592289424 (hardcover) | ||
| 040 | _aA | ||
| 050 | 0 | 4 | _aE176.1 |
| 082 | 0 | 4 |
_a973.099 _bUFD 2006 |
| 100 | 1 | _aUpdegrove, Mark K. | |
| 245 | 1 | 0 |
_aSecond acts : _bpresidential lives and legacies after the white house / _cMark K. Updegrove. |
| 250 | _a1st ed. | ||
| 260 |
_a[S.l.] : _bLyons Press, _c2006. |
||
| 300 |
_a368 p. ; _c23 cm. |
||
| 520 | _a entertaining and illuminating -- The Washington Post ...lively accounts....This engrossing book [is] Highly recommended for public libraries.-- Library Journal for those interested in the former presidents, this popular history will do the trick.-- Publishers Weekly ...revealing in detail and context-- Kirkus Reviews Mark K. Updegrove’s Second Acts is a smart and provocative look at the most exclusive club in America ex-presidents. Highly recommended! Douglas Brinkley, Professor of History and Director of the Theodore Roosevelt Center at Tulane University. | ||
| 650 | 0 | _aPresidents | |
| 650 | 0 | _aUnited States | |
| 856 | 4 | 0 |
_3Amazon.com _uhttp://www.amazon.com/exec/obidos/ASIN/1592289428/chopaconline-20 |
| 942 |
_2ddc _cBK |
||
| 999 |
_c15034 _d15034 |
||